000 nam a22 a 4500
999 _c130
_d130
003 AKMAL
005 20170420103348.0
008 170420t1991 my a00 eng d
020 _a9836219161:
040 _aAKMAL
082 0 4 _a330.014
090 2 0 _a330.014
_bIST
245 0 0 _aIstilah ekonomi :
_bBahasa Inggeris-Bahasa Malaysia: Bahasa Malaysia-Bahasa Inggeris
250 _aEd. ke 4
260 _aKuala Lumpur :
_bDewan Bahasa dan Pustaka,
_c1991
300 0 0 _axviii, 601p. ;
_c14x22cm
650 0 _aEconomics
_xTerminology
_9330
650 0 _aEconomics
_vDictionaries
_9331
942 _2ddc
_cBOOK